00489nam a22001577a 450000500170000001000150001702000260003203500140005803700130007208200080008510000190009324501080011226000340022027000560025430000210031020181130124253.0 aENG-118581 a9788130933658c450.00 aEN-102113 bDBAD/PUB a000 aJaiswal,Jushta aOjective computer science and information technology:cby Jushta Jaiswalbfor competitive examination / c2016aNew DelhibSource Books a4737/23, Ansari Road, Darya GanjbNew Delhie110002 c25cm(pbk)av,597